[Event "GRE-ch U14"]
[Site "Kallithea"]
[Date "2010.07.01"]
[Round "8"]
[White "Tsakiris, Haralambos"]
[Black "Noutsos, Stamoulis"]
[Result "1-0"]
[WhiteElo "1834"]
[BlackElo "1566"]
[PlyCount "119"]
[EventDate "2010.06.26"]
[EventType "swiss"]
[EventRounds "9"]
[EventCountry "GRE"]
[SourceTitle "EXT 2011"]
[Source "ChessBase"]
[SourceDate "2010.11.26"]
[SourceVersion "1"]
[SourceVersionDate "2010.11.26"]
[SourceQuality "1"]

1. d4 c6 2. c4 d5 3. Nc3 Nf6 4. e3 e6 5. Nf3 Bd6 6. Bd3 0-0 7. 0-0 Nbd7 8. a3 b6 9. b4 Qe7 10. e4 dxc4 11. Bxc4 e5 12. d5 Bb7 13. Bb2 cxd5 14. Bxd5 Nxd5 15. Nxd5 Qe6 16. Ne3 Be7 17. Nd2 Bg5 18. Re1 Nf6 19. f3 Rfd8 20. Qe2 Rd7 21. Rad1 Rad8 22. Ndf1 h6 23. Rxd7 Rxd7 24. Qb5 Bf4 25. g3 a6 26. Qc4 Bxe3+ 27. Nxe3 Qe8 28. Nf5 Rd2 29. Qc3 Qd7 30. Qxe5 a5 31. Nxh6+ Kh7 32. Ng4 Rd1 33. Nxf6+ gxf6 34. Qc3 axb4 35. axb4 Ba6 36. e5 Qd5 37. Qc2+ Rd3 38. Re3 fxe5 39. Bxe5 Bc4 40. Bb2 Kh6 41. Rxd3 Qxd3 42. Qxd3 Bxd3 43. Kf2 f5 44. Ke3 Bc2 45. Kf4 Kg6 46. h4 Bd3 47. g4 fxg4 48. fxg4 Kh6 49. Bf6 Be2 50. Bg5+ Kg7 51. h5 Bd1 52. Kg3 Be2 53. Kh4 b5 54. Bd2 Kh7 55. g5 Bd1 56. g6+ Kg7 57. Kg5 Bc2 58. h6+ Kh8 59. Bc3+ Kg8 60. h7+ 1-0

[Event "Attica-ch U08/20"]
[Site "Athens"]
[Date "2009.12.26"]
[Round "2"]
[White "Noutsos, Stamoulis"]
[Black "Gikas, Hristos"]
[Result "1/2-1/2"]
[WhiteElo "1450"]
[BlackElo "1902"]
[PlyCount "59"]
[EventDate "2009.12.23"]
[EventType "swiss"]
[EventRounds "7"]
[EventCountry "GRE"]
[SourceTitle "EXT 2011"]
[Source "ChessBase"]
[SourceDate "2010.11.26"]
[SourceVersion "1"]
[SourceVersionDate "2010.11.26"]
[SourceQuality "1"]

1. d4 Nf6 2. c4 e6 3. Nf3 b6 4. g3 Bb7 5. Bg2 d5 6. cxd5 Nxd5 7. 0-0 c5 8. a3 Nc6 9. dxc5 Bxc5 10. b4 Be7 11. Bb2 Bf6 12. Qb3 a5 13. e4 Bxb2 14. Qxb2 Nf6 15. b5 Ne7 16. Nc3 Ng6 17. Rfd1 Qe7 18. e5 Nd7 19. Na4 0-0 20. Rxd7 Qxd7 21. Nxb6 Qd3 22. Nxa8 Bxf3 23. Bxf3 Qxf3 24. Nb6 Qb7 25. Nc4 Qd5 26. Rc1 Rc8 27. Nd6 Rxc1+ 28. Qxc1 Qxe5 29. Qc8+ Nf8 30. Qc7 1/2-1/2

[Event "GRE-chT 37th"]
[Site "Kallithea"]
[Date "2009.07.05"]
[Round "5"]
[White "Noutsos, Stamoulis"]
[Black "Naoum, Spyridon"]
[Result "0-1"]
[WhiteElo "1459"]
[BlackElo "1792"]
[PlyCount "176"]
[EventDate "2009.07.03"]
[EventType "team-tourn"]
[EventRounds "9"]
[EventCountry "GRE"]
[SourceTitle "CBM 131 Extra"]
[Source "ChessBase"]
[SourceDate "2009.09.03"]
[SourceVersion "2"]
[SourceVersionDate "2009.09.16"]
[SourceQuality "1"]

1. d4 d5 2. c4 c6 3. Nc3 e6 4. Nf3 f5 5. Bg5 Nf6 6. e3 Be7 7. Ne5 0-0 8. f4 Ne4 9. Bxe7 Qxe7 10. Nf3 b6 11. Be2 Bb7 12. 0-0 Nd7 13. Ne5 Nxe5 14. dxe5 Nxc3 15. bxc3 Rfd8 16. cxd5 cxd5 17. Qd3 Rac8 18. Rac1 Qa3 19. Rc2 Rd7 20. Rfc1 Bc6 21. c4 Qxd3 22. Bxd3 d4 23. Re1 Ba4 24. Rcc1 dxe3 25. Rxe3 Rd4 26. g3 Bb5 27. Bf1 Rd2 28. Re2 Rd5 29. Rec2 Rdc5 30. Be2 Ba4 31. Rc3 Bc6 32. R1c2 Be4 33. Rc1 Kf7 34. Ra3 a5 35. Rd1 Ke7 36. Rd6 R5c6 37. Rxc6 Rxc6 38. Rb3 Kd7 39. Kf2 Kc7 40. Ke3 Rc5 41. Bd3 Bb7 42. Rb2 Ba6 43. Rc2 Kc6 44. a4 Kb7 45. Be2 Kc7 46. Bd3 Bb7 47. h4 Bc6 48. Ra2 Be8 49. Kd4 Kb7 50. Bc2 Rc8 51. Bb3 Kc6 52. Kc3 Rd8 53. Rd2 Rxd2 54. Kxd2 Kc5 55. Kc3 Bh5 56. Bc2 Be2 57. Bb3 g6 58. Bc2 Bxc4 59. Bb1 Bd5 60. Bc2 b5 61. axb5 Kxb5 62. Bd3+ Kc5 63. Bc2 Bc4 64. Ba4 Ba2 65. Bc2 Kb5 66. Bd3+ Ka4 67. Bc2+ Ka3 68. Bd3 a4 69. Bc2 Bb3 70. Bb1 Bd1 71. Bd3 Ka2 72. Bc4+ Bb3 73. Bd3 a3 74. Bb5 Bd5 75. Bd3 Ka1 76. Bc2 a2 77. Bd3 Be4 78. Bc2 Bd5 79. Bd3 Bc6 80. Bc2 Be4 81. Kb3 Bg2 82. Kc3 Bf1 83. Kb3 Be2 84. Kc3 Bc4 85. h5 gxh5 86. Bxf5 exf5 87. Kc2 Bb3+ 88. Kc1 h6 0-1